000 00646nam a2200229 i 4500
001 C2-0215034
003 PPAK
005 20180728104024.0
008 990418s1994 my a|||| ||||| | may d
040 _aPPAK
_beng
_cPPAK
_erda
082 0 4 _a499.2386
_2 23
090 0 0 _a499.2386
_bSIB
_dK
245 0 0 _aSi bijak dengan si bodoh
264 1 _aKuala Lumpur :
_bPerfect Frontier Sdn. Bhd. ,
_c1994
300 _a21 pages :
_bcolour illustrations ;
_c21 cm
336 _2rdacontent
_atext
337 _2rdamedia
_aunmediated
338 _2rdacarrier
_avolume
490 1 _aSiri ria membaca A
830 0 _aSiri ria membaca A
942 _ddc
_cB
999 _c159236
_d159236